| 000 | 00945nas a2200301 4500 | ||
|---|---|---|---|
| 001 | BR0501836 | ||
| 003 | BR-BrBNA | ||
| 005 | 20231205105230.0 | ||
| 007 | ta | ||
| 008 | 230509b bl.|||p| |||| 00| 00por d | ||
| 040 |
_aBR-BrBNA _bpor _cBiblioteca Nacional de Agricultura |
||
| 041 | _a(Pt) | ||
| 072 | _aF62; F03 | ||
| 100 | 1 | _aBarbosa, A.P. | |
| 100 | 1 | _aSampaio, P. de RT.B. | |
| 100 | 1 | _aCampos, M.AAVarela, V.P. | |
| 100 | 1 | _aGonçalves, C. de Q.B. | |
| 100 | 1 | _aIida, S. | |
| 245 | 1 | _aTecnologia alternativa para a quebra de dormência das sementes de pau-de-balsa (Ochroma lagopus Sw., Bombacaceae) | |
| 650 | _aOCHROMA PYRAMIDALE | ||
| 650 | _aPAU-DE-BALSA | ||
| 650 | _aDORMÊNCIA DA SEMENTE | ||
| 650 | _aSEMENTE | ||
| 650 | _aGERMINAÇÃO | ||
| 773 | 0 |
_tActa Amazônica (Brazil) _xISSN 0044-5967 _g(Jan-Mar 2004), v. 34(1) p. 107-110 _wBR0501836 |
|
| 909 |
_a202311 _bLúcia _c55 _dLúcia Elande |
||
| 942 |
_2AGRIS _n0 _cANA |
||
| 999 |
_c181892 _d181892 |
||